00535nam a2200205 a 4500001001300000003000900013005001700022008004100039020002200080082001500102100001700117245003800134260002700172300000900199500003500208505001000243650002100253650003800274700001700312nice12345678IN_TiNIC20260116013815.0050524s1994 dela grp 000 0 eng  a0803965 c2400a305.4bRIA aRiano, Pilar aWomen in Grassroots Communication aDelhibSage Pub c1994 a315p aincludes index and biblioraphy2 aIndex aCatacombs-Church aIntercultural Communication-Women1 aRiano, Pilar